[Event "American Cup Champ w"]
[Site "Saint Louis USA"]
[Date "2023.03.17"]
[Round "1.1"]
[White "Zatonskih,A"]
[Black "Paikidze,N"]
[Result "1/2-1/2"]
[WhiteTitle "IM"]
[BlackTitle "IM"]
[WhiteElo "2337"]
[BlackElo "2314"]
[WhiteFideId "14101572"]
[BlackFideId "13603620"]
[EventDate "2023.03.17"]
[EventType "k.o."]

1. d4 c5 2. e3 Nf6 3. Nf3 d5 4. dxc5 e6 5. c4 Bxc5 6. Nc3 O-O 7. a3 a5 8. cxd5
exd5 9. Be2 Nc6 10. O-O h6 11. Nb5 Ne4 12. b3 Qf6 13. Ra2 Qg6 14. Rc2 Bb6 15.
Bb2 Bh3 16. Ne1 Bf5 17. Rc1 Rac8 18. Nd3 Rfd8 19. Ne5 Qg5 20. Nxc6 Rxc6 21. Rxc6
bxc6 22. Nd4 Bh3 23. Bf3 c5 24. Ne2 Bc8 25. Ng3 Nxg3 26. hxg3 Be6 27. Qe2 c4 28.
b4 axb4 29. axb4 Bf5 30. Ra1 Bd3 31. Qe1 Re8 32. Qc3 Kh7 33. Bxd5 Rxe3 34. Bxc4
Bxc4 35. Qxc4 Rxg3 36. Qe4+ f5 37. Qb7 Qg4 38. Be5 Qxb4 39. Qd7 Rg5 40. Qd5 Qe4
41. Qxe4 fxe4 42. Bb8 Rf5 43. Ra2 Rb5 44. Bg3 Kg6 45. Ra8 Rb3 46. Kf1 e3 47.
fxe3 Bxe3 48. Bf2 Bf4 49. Ke2 Be5 50. Rd8 Kf5 51. Rd3 Rb2+ 52. Kf3 Rb4 53. Bg3
Bf6 54. Rd5+ Ke6 55. Rd6+ Ke7 56. Rd3 Rb5 57. Bd6+ Kf7 58. g4 Kg6 59. Bf4 Rb1
60. Kg2 Rb4 61. Kf3 Ra4 62. Kg3 Ra1 63. Kg2 h5 64. gxh5+ Kxh5 65. Rd2 Kg4 66.
Bh2 Ra4 67. Re2 g5 68. Be5 Bd8 69. Bh2 Bb6 70. Bg1 Bd8 71. Bh2 Rd4 72. Bg1 Rd1
73. Bf2 Bf6 74. Bg3 Bd4 75. Bf2 Bc3 76. Rc2 Be5 77. Re2 Kf5 78. Bg3 Bd4 79. Bf2
Bf6 80. Bg3 Bd8 81. Re5+ Kg4 82. Re4+ Kh5 83. Re2 Rd3 84. Bh2 Kh4 85. Bg1 Bc7
86. Bf2+ Kg4 87. Rc2 Bf4 88. Ra2 Kf5 89. Re2 g4 90. Bg1 g3 91. Kh3 Rb3 92. Kg2
Kg4 93. Rc2 Kf5 94. Re2 Rd3 95. Bc5 Rd5 96. Bg1 Kg4 97. Bb6 Bd6 98. Bg1 Rd3 99.
Be3 Kf5 100. Rd2 Rxd2+ 101. Bxd2 Bf4 102. Be1 Kg4 103. Bxg3 Bxg3 1/2-1/2

[Event "American Cup Champ w"]
[Site "Saint Louis USA"]
[Date "2023.03.18"]
[Round "1.2"]
[White "Paikidze,N"]
[Black "Zatonskih,A"]
[Result "1-0"]
[WhiteTitle "IM"]
[BlackTitle "IM"]
[WhiteElo "2314"]
[BlackElo "2337"]
[WhiteFideId "13603620"]
[BlackFideId "14101572"]
[EventDate "2023.03.17"]
[EventType "k.o."]

1. d4 d5 2. c4 e6 3. Nf3 Nf6 4. g3 Be7 5. Bg2 O-O 6. Qc2 dxc4 7. Qxc4 a6 8. Bf4
Bd6 9. Ne5 Nd5 10. Nc3 Nxf4 11. gxf4 Ra7 12. Rd1 Qh4 13. e3 b6 14. Qe2 Qe7 15.
Qh5 Bb7 16. Bxb7 Rxb7 17. Ne4 f6 18. Rg1 c5 19. Nc4 Bc7 20. dxc5 Nc6 21. Qf3 b5
22. Ncd6 Ba5+ 23. Kf1 Rc7 24. a3 b4 25. Qe2 bxa3 26. bxa3 Ra7 27. Qc4 Kh8 28.
Kg2 f5 29. Ng5 Nd8 30. Rb1 Rc7 31. Qxa6 Rxc5 32. Rgc1 Bc3 33. Rb6 e5 34. Nb7 Rc7
35. Nxd8 Qxd8 36. Rd6 Qb8 37. Ne6 Ra7 38. Qd3 e4 39. Qd5 Ra5 40. Qc6 Rc8 41.
Qxc8+ Qxc8 42. Rxc3 Qe8 43. Rd8 1-0

[Event "American Cup Champ w"]
[Site "Saint Louis USA"]
[Date "2023.03.17"]
[Round "1.1"]
[White "Lee,Alice"]
[Black "Pourkashiyan,A"]
[Result "1-0"]
[WhiteTitle "FM"]
[BlackTitle "WGM"]
[WhiteElo "2362"]
[BlackElo "2313"]
[WhiteFideId "30941822"]
[BlackFideId "12502014"]
[EventDate "2023.03.17"]
[EventType "k.o."]

1. d4 Nf6 2. c4 e6 3. Nc3 Bb4 4. f3 d5 5. a3 Bxc3+ 6. bxc3 c5 7. cxd5 exd5 8. e3
O-O 9. Bd3 b6 10. Ne2 Ba6 11. O-O Bxd3 12. Qxd3 Re8 13. c4 dxc4 14. Qxc4 Nbd7
15. e4 cxd4 16. Qxd4 Nc5 17. Qxd8 Raxd8 18. Bg5 Ncd7 19. Rfd1 h6 20. Bh4 g5 21.
Bf2 Nc5 22. Nd4 Rd7 23. Nf5 Kh7 24. Rxd7 Nfxd7 25. Nd6 Rf8 26. Rd1 Ne5 27. Bxc5
bxc5 28. Rd5 Rd8 29. Rxe5 Rxd6 30. Rxc5 Ra6 31. Rc3 Kg6 32. Kf2 h5 33. Ke3 Rb6
34. g3 f6 35. f4 gxf4+ 36. gxf4 h4 37. h3 a5 38. Kf3 f5 39. exf5+ Kh5 40. f6 Kg6
41. Kg4 Kxf6 42. Rc5 a4 43. Ra5 Rb3 44. Ra6+ Kg7 45. Rxa4 Rg3+ 46. Kxh4 Rg1 47.
Ra6 Rf1 48. Kg5 Rg1+ 49. Kf5 Rh1 50. Ra7+ Kh6 51. a4 Rxh3 52. a5 Rc3 53. a6 Rc5+
54. Kg4 Ra5 55. Ra8 Kg7 56. a7 Kh7 57. f5 Ra6 58. f6 Rxf6 59. Rb8 Rg6+ 60. Kf5 1-0

[Event "American Cup Champ w"]
[Site "Saint Louis USA"]
[Date "2023.03.18"]
[Round "1.2"]
[White "Pourkashiyan,A"]
[Black "Lee,Alice"]
[Result "0-1"]
[WhiteTitle "WGM"]
[BlackTitle "FM"]
[WhiteElo "2313"]
[BlackElo "2362"]
[WhiteFideId "12502014"]
[BlackFideId "30941822"]
[EventDate "2023.03.17"]
[EventType "k.o."]

1. e4 e5 2. Nf3 Nf6 3. Nxe5 d6 4. Nf3 Nxe4 5. d3 Nf6 6. d4 d5 7. Bd3 Bd6 8. O-O
O-O 9. Bg5 h6 10. Bh4 Bg4 11. Nc3 c6 12. h3 Be6 13. Ne5 c5 14. Nb5 c4 15. Nxd6
Qxd6 16. Be2 Bf5 17. b3 cxb3 18. axb3 Ne4 19. Bf3 Nc6 20. Nxc6 bxc6 21. c4 Rfe8
22. Ra6 Qf4 23. Bg3 Nxg3 24. fxg3 Qxg3 25. Rxc6 dxc4 26. bxc4 Rab8 27. Bd5 Rb1
28. Bxf7+ Kh7 29. Qxb1 Bxb1 30. Rxb1 Rf8 31. Rf1 g5 32. Rcf6 Kg7 33. Rg6+ Kh7
34. Rgf6 Kg7 35. d5 Qc3 36. Rg6+ Kh7 37. Rc6 Qe3+ 38. Kh1 Qe2 39. Rcf6 Kg7 40.
d6 Qe5 41. Rg6+ Kh7 42. Rgf6 Kg7 43. Rg6+ Kh7 44. Re6 Qxe6 45. Bxe6 Rxf1+ 46.
Kh2 Kg7 47. c5 Kf6 48. Bd5 Ke5 49. Bf3 Rxf3 50. gxf3 Ke6 51. h4 a5 52. Kh3 a4
53. Kg4 a3 0-1

[Event "American Cup Champ w"]
[Site "Saint Louis USA"]
[Date "2023.03.19"]
[Round "2.1"]
[White "Krush,I"]
[Black "Tokhirjonova,Gulrukhbegim"]
[Result "1-0"]
[WhiteTitle "GM"]
[BlackTitle "WGM"]
[WhiteElo "2432"]
[BlackElo "2332"]
[WhiteFideId "2012782"]
[BlackFideId "14203626"]
[EventDate "2023.03.17"]
[EventType "k.o."]

1. Nf3 d5 2. d4 Nf6 3. c4 dxc4 4. e3 Bg4 5. Bxc4 e6 6. h3 Bh5 7. Qb3 Nbd7 8.
Qxb7 c5 9. Nbd2 Rb8 10. Qa6 Qc7 11. Bb5 Rb6 12. Qa4 a6 13. Be2 cxd4 14. exd4 Bg6
15. O-O Bc2 16. Nb3 Bd6 17. Bd2 Qb8 18. Rfc1 Bxb3 19. axb3 O-O 20. Bc4 h6 21.
Re1 Bf4 22. Qa5 Bxd2 23. Qxd2 Nd5 24. Ra5 N7f6 25. Ne5 Nb4 26. Ra4 Qb7 27. Nd3
Nxd3 28. Qxd3 Rd8 29. Rxa6 Rxa6 30. Bxa6 Qb6 31. Rd1 e5 32. Bc4 Rxd4 33. Qe2 Ne4
34. Rxd4 Qxd4 35. b4 Nd2 36. b3 e4 37. Qe3 Qa1+ 38. Kh2 Qe5+ 39. Qg3 Qf6 40. b5
g5 41. Qe3 Qe5+ 42. Qg3 Qf6 43. Qe3 Qe5+ 44. g3 Nf3+ 45. Kg2 Kg7 46. b6 f5 47.
b7 Qa1 48. Bf1 Qe5 49. Qa7 Ne1+ 50. Kh1 Qd5 51. b8=Q+ 1-0

[Event "American Cup Champ w"]
[Site "Saint Louis USA"]
[Date "2023.03.20"]
[Round "2.2"]
[White "Tokhirjonova,Gulrukhbegim"]
[Black "Krush,I"]
[Result "1/2-1/2"]
[WhiteTitle "WGM"]
[BlackTitle "GM"]
[WhiteElo "2332"]
[BlackElo "2432"]
[WhiteFideId "14203626"]
[BlackFideId "2012782"]
[EventDate "2023.03.17"]
[EventType "k.o."]

1. c4 e6 2. Nc3 d5 3. e3 dxc4 4. Bxc4 Nf6 5. Nf3 c5 6. O-O a6 7. Be2 Nc6 8. d4
cxd4 9. exd4 Be7 10. a3 O-O 11. Re1 b5 12. Bg5 Bb7 13. Bd3 Rc8 14. Rc1 Na5 15.
Ne5 Nc4 16. Bb1 g6 17. Bh6 Nxb2 18. Qb3 Nc4 19. Bxf8 Bxf8 20. Nxc4 Rxc4 21. Ne2
Ra4 22. Nf4 Rxa3 23. Qb2 Ra4 24. Rcd1 Qd6 25. Ne2 Ng4 26. Ng3 Bg7 27. Qe2 Bxd4
28. Qxg4 Bxf2+ 29. Kf1 Rxg4 30. Rxd6 Bxe1 31. Kxe1 h5 32. Rb6 Bd5 33. Bd3 h4 34.
Nf1 Rxg2 35. Rxa6 b4 36. Rb6 b3 37. h3 Kg7 38. Ne3 Rg3 39. Ke2 Bf3+ 40. Kf2 Rxh3
41. Rxb3 Bh5 42. Be4 Rh2+ 43. Kg1 Re2 44. Bg2 g5 45. Bf1 Rd2 46. Rb5 Kf6 47. Rb4
Bf3 48. Ra4 Rb2 49. Bh3 Re2 50. Ra3 Rb2 51. Ra4 Re2 52. Ra3 Rb2 53. Ra4 Re2 1/2-1/2

[Event "American Cup Champ w"]
[Site "Saint Louis USA"]
[Date "2023.03.19"]
[Round "2.1"]
[White "Lee,Alice"]
[Black "Paikidze,N"]
[Result "1/2-1/2"]
[WhiteTitle "FM"]
[BlackTitle "IM"]
[WhiteElo "2362"]
[BlackElo "2314"]
[WhiteFideId "30941822"]
[BlackFideId "13603620"]
[EventDate "2023.03.17"]
[EventType "k.o."]

1. d4 c5 2. d5 g6 3. Nc3 Bg7 4. e4 d6 5. Nf3 Nf6 6. Bb5+ Bd7 7. a4 a6 8. Be2 Bg4
9. h3 Bxf3 10. Bxf3 Nbd7 11. Be2 Qa5 12. O-O b5 13. Bf3 b4 14. Nb1 Ne5 15. Bf4
Nxf3+ 16. Qxf3 Nd7 17. Nd2 Qc7 18. Qb3 c4 19. Nxc4 Rc8 20. Nd2 Qxc2 21. Qxc2
Rxc2 22. Rac1 Rxc1 23. Rxc1 Nc5 24. Rc4 a5 25. Be3 Nxa4 26. b3 Nc3 27. Bb6 O-O
28. Bxa5 Ra8 29. Bxb4 Ne2+ 30. Kh2 Bd4 31. Rc2 Bxf2 32. Nf1 Bg1+ 33. Kh1 Ra1 34.
Rxe2 Rxf1 35. Re1 Rxe1 36. Bxe1 Bd4 37. g4 Kg7 38. Kg2 f5 39. gxf5 gxf5 40. Kf3
Kf6 41. b4 Bb6 42. Kf4 e5+ 43. dxe6 fxe4 44. Kxe4 Kxe6 45. h4 d5+ 46. Kf4 Kf6
47. Bc3+ Ke6 48. Be1 Kf6 49. h5 Ke6 50. Bd2 Kf6 51. Bc3+ Ke6 52. Bg7 Kf7 53. Be5
Ke6 54. Bb2 Bf2 55. Kf3 Bb6 56. Kf4 Bf2 57. Bg7 Kf7 58. h6 Ke6 59. Bf8 Bb6 60.
Bc5 Bxc5 61. bxc5 d4 62. Ke4 d3 63. Kxd3 Kd5 64. Ke3 Kxc5 65. Ke4 Kd6 66. Kf5
Ke7 67. Ke5 Kf7 68. Kf5 Ke7 69. Ke5 Kf7 70. Kf5 1/2-1/2

[Event "American Cup Champ w"]
[Site "Saint Louis USA"]
[Date "2023.03.20"]
[Round "2.2"]
[White "Paikidze,N"]
[Black "Lee,Alice"]
[Result "0-1"]
[WhiteTitle "IM"]
[BlackTitle "FM"]
[WhiteElo "2314"]
[BlackElo "2362"]
[WhiteFideId "13603620"]
[BlackFideId "30941822"]
[EventDate "2023.03.17"]
[EventType "k.o."]

1. d4 d5 2. c4 c6 3. Nf3 Nf6 4. e3 Bf5 5. Nc3 e6 6. Nh4 Bg6 7. Nxg6 hxg6 8. Bd2
Nbd7 9. Qc2 Rc8 10. c5 Be7 11. g3 e5 12. O-O-O Ng4 13. Be1 Rxh2 14. Rxh2 Nxh2
15. Bh3 e4 16. f4 Nf3 17. Bf2 Qa5 18. Rh1 Rc7 19. g4 b6 20. cxb6 Nxb6 21. Bg2
Nc4 22. Rh8+ Kd7 23. Rb8 Rc8 24. Rxc8 Kxc8 25. Bxf3 exf3 26. e4 Bb4 27. Nb1 Qxa2
28. exd5 cxd5 29. f5 g5 30. f6 g6 31. Be3 Kd7 32. Bxg5 Qxb2+ 33. Qxb2 Nxb2 34.
Nd2 Bxd2+ 35. Kxd2 Nc4+ 36. Ke1 Nd6 37. Bc1 Ne4 38. g5 f2+ 0-1

[Event "American Cup Champ"]
[Site "Saint Louis USA"]
[Date "2023.03.20"]
[Round "2.3"]
[White "So,W"]
[Black "Caruana,F"]
[Result "1-0"]
[WhiteTitle "GM"]
[BlackTitle "GM"]
[WhiteElo "2761"]
[BlackElo "2766"]
[WhiteFideId "5202213"]
[BlackFideId "2020009"]
[EventDate "2023.03.17"]

1. e4 e5 2. Nf3 Nc6 3. Bb5 a6 4. Ba4 Nf6 5. O-O b5 6. Bb3 Bc5 7. a4 Bb7 8. d3
O-O 9. c3 d6 10. Bg5 h6 11. Bxf6 Qxf6 12. Bd5 Rab8 13. b4 Bb6 14. Na3 bxa4 15.
Nc4 Ne7 16. Bxb7 Rxb7 17. Rxa4 Ra8 18. Qe2 Qe6 19. Rfa1 Rba7 20. R1a3 Nc6 21. g3
a5 22. bxa5 Nxa5 23. Nxb6 cxb6 24. Rb4 Ra6 25. Rb5 Nc6 26. Rxa6 Rxa6 27. Kg2 Ne7
28. Qe3 Ra3 29. c4 Nc8 30. Nh4 g6 31. Nf3 Kg7 32. h4 Qf6 33. Nd2 Ra5 34. Rb2 Ra3
35. Nb1 Ra1 36. Nc3 Qe6 37. Nd5 Qg4 38. Nc3 Ra3 39. Qd2 Ra1 40. Nd5 Rd1 41. Qc3
Ra1 42. Ne3 Qd7 43. Rxb6 Nxb6 44. Qxa1 Na4 45. f4 Qe8 46. fxe5 dxe5 47. h5 Nc5
48. hxg6 Kxg6 49. Nf5 Kh7 50. Qa3 Qc6 51. Qa7 Nd7 52. Qa5 Qg6 53. Qd5 Nf6 54.
Qxe5 Ng4 55. Qd4 Qg5 56. Qc3 h5 57. c5 f6 58. Qb2 Ne5 59. c6 Qg4 60. Qb7+ Kh8
61. Qb8+ Kh7 62. Qc7+ Kh8 63. Qd8+ 1-0

[Event "American Cup Champ"]
[Site "Saint Louis USA"]
[Date "2023.03.21"]
[Round "2.4"]
[White "Caruana,F"]
[Black "So,W"]
[Result "1/2-1/2"]
[WhiteTitle "GM"]
[BlackTitle "GM"]
[WhiteElo "2766"]
[BlackElo "2761"]
[WhiteFideId "2020009"]
[BlackFideId "5202213"]
[EventDate "2023.03.17"]

1. d4 d5 2. c4 dxc4 3. e3 Nf6 4. Nf3 e6 5. Bxc4 c5 6. Nc3 a6 7. Bb3 Nc6 8. O-O
b5 9. Qe2 Bb7 10. Rd1 Be7 11. dxc5 Qc7 12. e4 O-O 13. e5 Nd7 14. Bf4 Nxc5 15.
Bc2 Nb4 16. Rac1 Nxc2 17. Rxc2 Rac8 18. a3 Rfd8 19. Nd4 Qb6 20. Rcd2 Na4 21.
Nxa4 bxa4 22. Qg4 Rd5 23. h4 Kh8 24. Be3 Qc7 25. Qf4 Kg8 26. Nf5 Rxd2 27. Nxe7+
Qxe7 28. Rxd2 Bc6 29. Qg4 Kh8 30. Rd4 Rd8 31. Rf4 Qd7 32. Kh2 Qc7 33. Qh5 Be8
34. Rb4 f6 35. Bb6 Bxh5 36. Bxc7 Rc8 37. Ba5 Be8 38. Rb6 Bc6 39. Rxa6 f5 40. f3
h6 41. Kg3 Bd5 42. Bb4 Bb3 43. Ra7 Kg8 44. Bc3 Rd8 45. Kf2 Kh7 46. Rb7 Kg6 47.
Bb4 Rc8 48. Ke3 Kh7 49. Bc3 Rd8 50. g4 fxg4 51. fxg4 Bd1 52. Rb4 h5 53. gxh5 Kh6
54. Rb6 Bb3 55. Rb7 Kxh5 56. Rxg7 Kxh4 57. Bb4 Kh5 58. Bd6 Rc8 59. Bc7 Kh6 60.
Rd7 Rg8 61. Ba5 Rg1 62. Rd8 Rd1 63. Rg8 Kh7 64. Rg4 Rd5 65. Bc3 Rd1 66. Ke2 Bc2
67. Bd2 Rb1 68. Rb4 Rh1 69. Bc3 Kg6 70. Rb8 Kf5 71. Ke3 Rd1 72. Rf8+ Kg5 73. Bd2
Kh5 74. Rg8 Rb1 75. Bc3 Rd1 76. Rg2 Rd3+ 77. Kf4 Bb3 78. Bd2 Bd5 79. Rh2+ Kg6
80. Be3 Rb3 81. Rf2 Kf7 82. Kg5+ Ke8 83. Bd4 Rd3 84. Bc3 Rf3 85. Rh2 Kd7 86. Rh4
Bb3 87. Rb4 Rf5+ 88. Kg6 Rf1 89. Rb6 Rg1+ 90. Kf6 Rf1+ 91. Kg5 Rf5+ 92. Kg4 Bd1+
93. Kg3 Bb3 94. Rd6+ Kc7 95. Rd2 Rf1 96. Rh2 Rf7 97. Bd2 Rf1 98. Be3 Kc6 99. Rh4
Bd5 100. Bf2 Bb3 101. Kf3 Rb1 102. Bd4 Re1 103. Bc3 Bd5+ 104. Kf2 Re4 105. Rh8
Bb3 106. Rd8 Bd5 107. Rd6+ Kb5 108. Kg3 Bb3 109. Rd8 Bd5 110. Kf2 Bb3 111. Rb8+
Kc6 112. Ra8 Bd5 113. Ra6+ Kb5 114. Rd6 Bb3 115. Bd4 Bd5 116. Rb6+ Kc4 117. Bc3
Kd3 118. Rb5 Re2+ 119. Kg3 Re4 120. Ra5 Bb3 121. Bb4 Kc2 122. Kf3 Bd5 123. Kf2
Bb3 124. Bc3 Bd5 125. Kf3 1/2-1/2

[Event "American Cup Champ"]
[Site "Saint Louis USA"]
[Date "2023.03.21"]
[Round "3.1"]
[White "Nakamura,Hi"]
[Black "So,W"]
[Result "1/2-1/2"]
[WhiteTitle "GM"]
[BlackTitle "GM"]
[WhiteElo "2768"]
[BlackElo "2761"]
[WhiteFideId "2016192"]
[BlackFideId "5202213"]
[EventDate "2023.03.17"]

1. e4 e5 2. Nf3 Nc6 3. Bb5 Nf6 4. d3 Bc5 5. O-O Nd4 6. Be3 Nxf3+ 7. Qxf3 Bxe3 8.
Qxe3 c6 9. Bc4 d6 10. Nd2 Qb6 11. Qxb6 axb6 12. f4 exf4 13. Rxf4 b5 14. Bb3 Be6
15. a3 O-O 16. Raf1 Rae8 17. Bxe6 Rxe6 18. Nf3 d5 19. e5 Nd7 20. d4 f6 21. h3
Re7 22. exf6 Rxf6 23. Rxf6 Nxf6 24. Re1 Rxe1+ 25. Nxe1 Ne4 26. Nd3 Kf7 27. Kf1
Ke6 28. Ke2 g5 29. g4 h6 30. Ke3 Kd6 31. Ne5 Ke6 32. Nd3 Kd6 33. Ne5 Ke6 34. Nd3 1/2-1/2

[Event "American Cup Champ"]
[Site "Saint Louis USA"]
[Date "2023.03.22"]
[Round "3.2"]
[White "So,W"]
[Black "Nakamura,Hi"]
[Result "1/2-1/2"]
[WhiteTitle "GM"]
[BlackTitle "GM"]
[WhiteElo "2761"]
[BlackElo "2768"]
[WhiteFideId "5202213"]
[BlackFideId "2016192"]
[EventDate "2023.03.17"]

1. d4 Nf6 2. c4 e6 3. Nc3 Bb4 4. Qc2 O-O 5. e4 d5 6. e5 Ne4 7. Nf3 c5 8. Bd3
cxd4 9. Nxd4 Nd7 10. Bf4 Qh4 11. g3 Qh5 12. O-O g5 13. cxd5 gxf4 14. dxe6 Nxc3
15. exd7 Bxd7 16. bxc3 Rac8 17. Qd1 Qxd1 18. Raxd1 Bxc3 19. Bf5 Rcd8 20. Bxd7
Rxd7 21. Nf5 Rxd1 22. Rxd1 Bxe5 23. Rd7 b5 24. Rxa7 fxg3 25. hxg3 b4 26. Kg2 h5
27. Kh3 Kh7 28. Ra6 Rd8 29. f4 Bc3 30. Kh4 Rd5 31. Rh6+ Kg8 32. Kg5 Bg7 33. Rxh5
Rd2 34. Kg4 Bc3 35. Rh6 Rxa2 36. Rb6 Ra7 37. Kg5 Kh7 38. Rh6+ Kg8 39. Rb6 Kh7
40. Rh6+ Kg8 41. Rb6 1/2-1/2

[Event "American Cup Champ"]
[Site "Saint Louis USA"]
[Date "2023.03.22"]
[Round "3.3"]
[White "So,W"]
[Black "Nakamura,Hi"]
[Result "0-1"]
[WhiteTitle "GM"]
[BlackTitle "GM"]
[WhiteElo "2761"]
[BlackElo "2768"]
[WhiteFideId "5202213"]
[BlackFideId "2016192"]
[EventDate "2023.03.17"]

1. e4 c5 2. Nf3 Nc6 3. Bb5 e5 4. O-O Bd6 5. c3 a6 6. Ba4 b5 7. Bb3 c4 8. Bc2 Nf6
9. d4 cxd3 10. Qxd3 Be7 11. Bg5 d6 12. Rd1 Nh5 13. Bxe7 Kxe7 14. a4 Rb8 15. axb5
axb5 16. Na3 Nf4 17. Qe3 Qb6 18. Nd4 Nxd4 19. cxd4 Rd8 20. Bb3 Be6 21. Nc2 Kf8
22. Rd2 Rdc8 23. g3 Bxb3 24. Qxb3 Ne6 25. Rad1 b4 26. Kg2 g6 27. h4 h5 28. dxe5
dxe5 29. Rd7 Rc7 30. Qf3 Rxd7 31. Rxd7 Nd8 32. Ne3 Qc6 33. Rd5 Qe6 34. Qd1 Qf6
35. Rd7 Kg7 36. Rd6 Qe7 37. Rd7 Qf6 38. Nd5 Qe6 39. Nc7 Qc6 40. Qd5 Qxd5 41.
exd5 Nb7 42. Ne6+ Kg8 43. Ng5 Nd8 44. Kf3 b3 45. Ke4 Nb7 46. Kxe5 Nc5 47. Rc7
Nd3+ 48. Kf6 Nxb2 49. Nxf7 Nc4 50. Nh6+ Kf8 51. Rf7+ Ke8 52. Re7+ Kd8 53. Nf7+
Kc8 54. d6 Rb6 55. Re8+ Kb7 56. Ke7 b2 57. d7 b1=Q 58. d8=Q Qb4+ 59. Nd6+ Qxd6+
60. Qxd6 Nxd6 61. Rg8 Nf5+ 62. Ke8 Kc7 63. Rf8 Nh6 64. Rf4 Re6+ 65. Kf8 Kd6 66.
Kg7 Nf5+ 67. Kf7 Kd5 68. Rf3 Ra6 69. Rb3 Ke4 70. Rc3 Nd6+ 71. Kg7 Kd4 72. Rb3
Nf5+ 73. Kh7 Ke5 74. Rb8 Ne7 75. Kg7 Ra7 76. Rb5+ Ke6 77. Rb6+ Kf5 78. Rb5+ Kg4
79. Rb4+ Kh3 80. Kh6 Ra6 81. Kg5 Nd5 82. Rd4 Nc3 83. Kh6 Kg2 84. g4 Ne2 85. Rb4
Kf3 86. gxh5 gxh5+ 87. Kxh5 Nf4+ 88. Kg5 Ra5+ 89. Kh6 Kg4 90. Kg7 Kf5 91. Rb7
Ne6+ 92. Kh6 Kf6 93. h5 Ra8 94. f4 Rh8+ 95. Rh7 Ra8 96. Rb7 Nxf4 97. Rb6+ Ne6
98. Kh7 Ra7+ 99. Kh6 Rd7 100. Rxe6+ Kxe6 101. Kg6 Rd1 102. h6 Rg1+ 103. Kh7 Kf7 0-1

[Event "American Cup Champ"]
[Site "Saint Louis USA"]
[Date "2023.03.23"]
[Round "3.4"]
[White "Nakamura,Hi"]
[Black "So,W"]
[Result "0-1"]
[WhiteTitle "GM"]
[BlackTitle "GM"]
[WhiteElo "2768"]
[BlackElo "2761"]
[WhiteFideId "2016192"]
[BlackFideId "5202213"]
[EventDate "2023.03.17"]

1. e4 g6 2. d4 Bg7 3. Nc3 d6 4. h4 Nf6 5. f3 Nc6 6. Be3 e5 7. Nge2 O-O 8. dxe5
dxe5 9. Qxd8 Rxd8 10. a3 Be6 11. Ng3 h5 12. Bg5 a6 13. Bd3 Rd6 14. O-O-O Nd7 15.
Bf1 Nd4 16. Nce2 c5 17. Kb1 f6 18. Be3 Nb6 19. c3 Bb3 20. Rc1 Ne6 21. Re1 Nc4
22. Nc1 Nxe3 23. Nxb3 Bh6 24. Rg1 c4 25. Na1 Rad8 26. Be2 Rd2 27. Nf1 Rxe2 28.
Rxe2 Rd1+ 29. Ka2 Rxf1 30. Rxf1 Nxf1 31. Nc2 Nc5 32. Re1 Nd2 33. a4 Nxa4 34. Nb4
Kf7 35. Nd5 Nc5 36. Rd1 b5 37. Ka3 Bf8 38. Ka2 Ndb3 39. f4 exf4 40. Nxf4 Bh6 41.
Nd5 Nxe4 42. Nc7 Nec5 43. Rd8 Nc1+ 44. Kb1 N1d3 45. Nd5 Nf4 46. Nb4 Nxg2 47. Rc8
Bf8 48. Rc7+ Ke6 49. Rc6+ Ke5 50. Rc8 Bd6 51. Rd8 Nxh4 52. Nc6+ Ke6 0-1

[Event "American Cup Champ"]
[Site "Saint Louis USA"]
[Date "2023.03.23"]
[Round "3.6"]
[White "Nakamura,Hi"]
[Black "So,W"]
[Result "1-0"]
[WhiteTitle "GM"]
[BlackTitle "GM"]
[WhiteElo "2768"]
[BlackElo "2761"]
[WhiteFideId "2016192"]
[BlackFideId "5202213"]
[EventDate "2023.03.17"]

1. e4 g6 2. d4 Bg7 3. Nf3 d6 4. Bc4 Nf6 5. Qe2 O-O 6. e5 dxe5 7. dxe5 Nd5 8. h3
Nb6 9. Bb3 Nc6 10. O-O Na5 11. Nc3 Nxb3 12. axb3 Bd7 13. Rd1 Qc8 14. Bg5 Re8 15.
Qe3 c5 16. Bh6 Bh8 17. Ra5 Bc6 18. Rxc5 Rd8 19. Nd4 e6 20. b4 Nd7 21. Nxc6 bxc6
22. Ra5 Qc7 23. f4 Nb6 24. Raa1 Qb7 25. Qc5 Nd5 26. Ne4 Bg7 27. Bg5 Rdb8 28. c3
h6 29. Bf6 Nxf4 30. Bxg7 Kxg7 31. Rf1 Nd3 32. Qd4 Qb6 33. Nd6 Qxd4+ 34. cxd4 Rf8
35. b5 cxb5 36. Nxb5 a6 37. Nd6 Nxb2 38. Rac1 Ra7 39. Rf3 Na4 40. Rb3 Rd7 41.
Rc4 1-0

[Event "American Cup Champ"]
[Site "Saint Louis USA"]
[Date "2023.03.24"]
[Round "4.1"]
[White "Nakamura,Hi"]
[Black "So,W"]
[Result "1/2-1/2"]
[WhiteTitle "GM"]
[BlackTitle "GM"]
[WhiteElo "2768"]
[BlackElo "2761"]
[WhiteFideId "2016192"]
[BlackFideId "5202213"]
[EventDate "2023.03.17"]

1. c4 e5 2. Nc3 Nf6 3. Nf3 Nc6 4. e4 Bb4 5. d3 d6 6. a3 Bc5 7. b4 Bb6 8. Na4 Bg4
9. Be2 Bxf3 10. Bxf3 Nd4 11. Nxb6 axb6 12. O-O Qd7 13. Bb2 Nxf3+ 14. Qxf3 O-O
15. Qe2 Rfe8 16. f4 b5 17. c5 Qe6 18. Rac1 c6 19. cxd6 Nd7 20. Qf2 f6 21. d4
exf4 22. e5 fxe5 23. dxe5 Nxe5 24. Rce1 Qd5 25. Qe2 Nc4 26. Qxe8+ Rxe8 27. Rxe8+
Kf7 28. Re7+ Kg6 29. Rxg7+ Kh6 30. Ba1 Ne3 31. h4 Qd3 32. Rxf4 Qd1+ 33. Kf2 Qxa1
34. Rg5 Nd5 35. d7 Qh8 36. Re4 Qf6+ 37. Kg1 Qd6 38. d8=Q Qxd8 39. Re6+ Nf6 40.
Kh2 Qd4 41. Kg3 b6 42. Rxc6 Qe3+ 43. Kh2 Qf4+ 44. Kh3 Qf1 45. Re6 Qf2 46. Rc6
Qe3+ 47. Kh2 Qd4 48. Kg3 Qxh4+ 49. Kxh4 1/2-1/2

[Event "American Cup Champ"]
[Site "Saint Louis USA"]
[Date "2023.03.25"]
[Round "4.2"]
[White "So,W"]
[Black "Nakamura,Hi"]
[Result "1/2-1/2"]
[WhiteTitle "GM"]
[BlackTitle "GM"]
[WhiteElo "2761"]
[BlackElo "2768"]
[WhiteFideId "5202213"]
[BlackFideId "2016192"]
[EventDate "2023.03.17"]

1. d4 Nf6 2. c4 e6 3. Nc3 Bb4 4. Qc2 O-O 5. a3 Bxc3+ 6. Qxc3 d5 7. Bg5 h6 8.
Bxf6 Qxf6 9. Nf3 dxc4 10. Qxc4 Nc6 11. Qc3 Re8 12. Rd1 e5 13. d5 Nb8 14. e3 Bg4
15. Be2 Nd7 16. O-O Rac8 17. Qb4 Bxf3 18. Bxf3 Qb6 19. Qxb6 axb6 20. Bg4 Rcd8
21. Bxd7 Rxd7 22. e4 Rd6 23. Rd3 b5 24. Rc1 c6 25. Kf1 Kf8 26. Ke2 Ke7 27. dxc6
bxc6 28. Rcd1 Rxd3 29. Rxd3 Ra8 30. b4 h5 31. h4 g6 32. f3 f6 33. Ke3 Ke6 34.
Rc3 Kd6 35. Rd3+ Ke6 36. Rc3 Kd6 37. Rd3+ Ke6 1/2-1/2

[Event "American Cup Champ"]
[Site "Saint Louis USA"]
[Date "2023.03.25"]
[Round "4.3"]
[White "So,W"]
[Black "Nakamura,Hi"]
[Result "1-0"]
[WhiteTitle "GM"]
[BlackTitle "GM"]
[WhiteElo "2761"]
[BlackElo "2768"]
[WhiteFideId "5202213"]
[BlackFideId "2016192"]
[EventDate "2023.03.17"]

1. e4 e5 2. Nf3 Nc6 3. Bb5 Nf6 4. d3 Bc5 5. O-O Nd4 6. Nxd4 Bxd4 7. c3 Bb6 8.
Na3 c6 9. Ba4 d6 10. Bc2 Be6 11. Qe2 h6 12. Nc4 Bc7 13. f4 exf4 14. Bxf4 Bxc4
15. dxc4 Qe7 16. Rad1 O-O-O 17. Kh1 Rhe8 18. Rfe1 Kb8 19. Qf3 g5 20. Bg3 h5 21.
Qf5 h4 22. Bf2 Nh5 23. Kg1 f6 24. b4 Nf4 25. Bd4 Rf8 26. a4 Qf7 27. Bb3 Rde8 28.
a5 Ne6 29. Be3 Nf4 30. Bd4 a6 31. Rd2 Ka8 32. Ba2 Qe7 33. Bb3 Rd8 34. Rdd1 Bb8
35. b5 Ba7 36. Ba4 Bxd4+ 37. cxd4 cxb5 38. cxb5 Rc8 39. bxa6 bxa6 40. Rb1 Rb8
41. Rb6 Rxb6 42. axb6 Kb8 43. Qa5 Qb7 44. Bd1 h3 45. g3 Ng2 46. Re2 Rc8 47. Bb3
Rc1+ 48. Kf2 Rb1 49. Bd5 Qxb6 50. Qxb6+ Rxb6 51. Be6 f5 52. Bxf5 Rb3 53. Be6 Rc3
54. Bxh3 Nf4 55. gxf4 Rxh3 56. Kg2 Rh4 57. fxg5 Rg4+ 58. Kf3 Rxg5 59. h4 Rg8 60.
h5 Kc7 61. h6 Kd7 62. h7 Rh8 63. Rh2 Ke7 64. Rh5 Kf7 65. Rh6 d5 66. Rxa6 1-0